Timely topic (0 8384 4200 5)

Zapisane w:
Opis bibliograficzny
1. autor: PATRIC J AQUILINA
Format: Książka
Język:Undetermined
Wydane: Heinle and Heinle 1998
Etykiety: Dodaj etykietę
Nie ma etykietki, Dołącz pierwszą etykiete!
Thư viện lưu trữ: Trung tâm Học liệu Trường Đại học Cần Thơ
LEADER 00396nam a2200145Ia 4500
001 CTU_49234
008 210402s9999 xx 000 0 und d
082 |a 428.24 
082 |b A656 
100 |a PATRIC J AQUILINA 
245 0 |a Timely topic (0 8384 4200 5) 
245 0 |c PATRIC J AQUILINA 
260 |b Heinle and Heinle 
260 |c 1998 
980 |a Trung tâm Học liệu Trường Đại học Cần Thơ